| 000 | 00766nam a22001937a 4500 | ||
|---|---|---|---|
| 999 |
_c12780 _d12780 |
||
| 003 | AR-CdUCM | ||
| 008 | 190410b ||||| |||| 00| 0 spa d | ||
| 040 |
_aMUNICIPALIDAD PROVINCIAL DEL CUSCO _cBIBLIOTECA MUNICIPAL DEL CUSCO |
||
| 082 |
_a340.4 / _bL31 |
||
| 100 |
_aLavapeur, Oscar _930840 |
||
| 245 | _aLa esencia del hombre y la función del derecho / | ||
| 260 |
_aBuenos aires : _bAbeledo-Perrot, _c1964. |
||
| 300 |
_a79 páginas _c23 cm. |
||
| 505 | _aContenido :En torno a la esencia del hombre -- La experiencia histórica -- La función del derecho -- La crisis contemporánea del derecho constitucional -- Hacia una superación ... | ||
| 650 |
_aDerecho constitucional _94734 |
||
| 650 |
_aDerecho civil _97386 |
||
| 942 |
_2ddc _cLIBROS |
||
| 945 | _arum | ||